000 00563nam a22001577a 4500
999 _c129970
_d129970
008 191112b ||||| |||| 00| 0 eng d
050 _aBT736.4.P355
245 _aPeace and development:
_ban interdisciplinary perspective
_c/ edited by Daniel S. Sanders and Jon K. Matsuoka
260 _a[United States of America]:
_bUniversity of Hawaii,
_c1989.
300 _axv, 224p. ;
_c23cm.
650 _aPeace
_948509
650 _aDevelopment
_948510
700 _aSanders, Daniel S.
_eed.
_948511
700 _aMatsuoka, Jon K.
_eed.
_948512
942 _2lcc
_cMONOGRAPH